Ordinary differential equations and applications (Record no. 751249)

MARC details
000 -LEADER
fixed length control field 00437nam a2200157 4500
020 ## - INTERNATIONAL STANDARD BOOK NUMBER
ISBN 9798886130935
084 ## - OTHER CLASSIFICATION NUMBER
Source of Number Colon Classification
100 ## - MAIN ENTRY--AUTHOR NAME
Personal name Fernandez-Cara, Enrique
245 ## - TITLE STATEMENT
Title Ordinary differential equations and applications
260 ## - PUBLICATION, DISTRIBUTION, ETC. (IMPRINT)
Place of publication Singapore
Name of publisher World scientific
Year of publication 2025
300 ## - PHYSICAL DESCRIPTION
Number of Pages xxiv+325
650 ## - SUBJECT ADDED ENTRY--TOPICAL TERM
Topical Term Cauchy problem
650 ## - SUBJECT ADDED ENTRY--TOPICAL TERM
Topical Term Linear Systems
942 ## - ADDED ENTRY ELEMENTS (KOHA)
Source of classification or shelving scheme Dewey Decimal Classification
Koha item type Book
Holdings
Withdrawn status Lost status Source of classification or shelving scheme Damaged status Not for loan Collection code Home Library Current Location Shelving location Date acquired Source of acquisition Full call number Accession Number Price effective from Koha item type
    Dewey Decimal Classification     Gift or donation Dept. of Mathematics Dept. of Mathematics General Stacks 11/09/2025 Book Bay, Trivandrum 515.35 FER-O MATG190 11/09/2025 Book